00503nam a22001697a 450000500170000001000130001702000260003003500130005603700130006908200110008210000200009324500570011326000310017027000830020130000300028450000190031420130924110239.0 aB-512617 a9789380618319c995.00 aB-512617 bBSB/Ven. a547.23 aAhluwalia, V.K. aOxidations in organic systhesis /cby V.K. Ahluwalia aNew DelhibAne Booksc2012 a4821, Parwana Bhawan, 1st Floor, 24 Ansari Road, Darya GanjbNew Delhie110002 axvi,323p.c24cm(Hb)bill. aIncludes index